[Event "Sachsen-ch Seniors op"]
[Site "Dresden"]
[Date "2016.11.08"]
[Round "9"]
[White "Haenig, Frank"]
[Black "Schiessl, Werner"]
[Result "0-1"]
[WhiteElo "1790"]
[BlackElo "1736"]
[PlyCount "112"]
[EventDate "2016.10.31"]
[EventType "swiss"]
[EventRounds "9"]
[EventCountry "GER"]
[SourceTitle "EXT 2019"]
[Source "ChessBase"]
[SourceDate "2018.10.10"]
[SourceVersion "1"]
[SourceVersionDate "2018.10.10"]
[SourceQuality "1"]

1. e4 e6 2. d4 d5 3. Nd2 Nf6 4. e5 Nfd7 5. Ngf3 Nb6 6. Bd3 h6 7. Nb3 N8d7 8. 0-0 Nc4 9. Nbd2 b5 10. Re1 a6 11. Nf1 Be7 12. Ng3 c5 13. b3 Ncb6 14. c3 c4 15. Bc2 b4 16. Bb2 Qc7 17. Ne2 a5 18. h3 Ba6 19. a3 cxb3 20. Bxb3 a4 21. Bc2 Nc4 22. Bc1 b3 23. Bxb3 axb3 24. Qxb3 Rb8 25. Qa2 Qb6 26. Nd2 Nxd2 27. Qxd2 Bxe2 28. Qxe2 Bg5 29. f4 Bh4 30. Rf1 Be7 31. a4 Qc6 32. Qe1 Qc4 33. a5 Ra8 34. Qg3 Rg8 35. f5 exf5 36. Bxh6 Ra6 37. Bf4 Bd8 38. Bd2 Rxa5 39. Rxa5 Bxa5 40. Rxf5 Qc6 41. Qf3 Qe6 42. Rf4 Bd8 43. Rg4 Nb6 44. Qd1 Nc4 45. Bc1 g6 46. Rg3 g5 47. Qh5 Qg6 48. Qd1 Kf8 49. Be3 Nxe3 50. Rxe3 Qe6 51. g4 Rg6 52. Qe1 Qa6 53. Kg2 Qa2+ 54. Re2 Qc4 55. Re3 Ba5 56. Qf2 Bxc3 0-1

[Event "Sachsen-ch Seniors op"]
[Site "Dresden"]
[Date "2016.11.03"]
[Round "4"]
[White "Wraga, Hermann"]
[Black "Haenig, Frank"]
[Result "1/2-1/2"]
[WhiteElo "1675"]
[BlackElo "1790"]
[PlyCount "36"]
[EventDate "2016.10.31"]
[EventType "swiss"]
[EventRounds "9"]
[EventCountry "GER"]
[SourceTitle "EXT 2019"]
[Source "ChessBase"]
[SourceDate "2018.10.10"]
[SourceVersion "1"]
[SourceVersionDate "2018.10.10"]
[SourceQuality "1"]

1. e4 c6 2. d3 d5 3. Nd2 dxe4 4. dxe4 g6 5. Bc4 e6 6. Ngf3 Bg7 7. 0-0 Nf6 8. Re1 0-0 9. c3 Qc7 10. Qc2 b6 11. a3 Bb7 12. h3 Nbd7 13. Nf1 b5 14. Be2 a6 15. Ng3 e5 16. Bd2 Rfe8 17. Rad1 Rad8 18. Bc1 Nb6 1/2-1/2

[Event "Sachsen-ch Seniors op"]
[Site "Dresden"]
[Date "2016.10.31"]
[Round "1"]
[White "Haenig, Frank"]
[Black "Kahn, Peter"]
[Result "0-1"]
[WhiteElo "1790"]
[BlackElo "2069"]
[PlyCount "58"]
[EventDate "2016.10.31"]
[EventType "swiss"]
[EventRounds "9"]
[EventCountry "GER"]
[SourceTitle "EXT 2019"]
[Source "ChessBase"]
[SourceDate "2018.10.10"]
[SourceVersion "1"]
[SourceVersionDate "2018.10.10"]
[SourceQuality "1"]

1. e4 e5 2. Nf3 Nc6 3. Bb5 g6 4. Nc3 Bg7 5. d3 Nge7 6. Be3 0-0 7. Bc4 Na5 8. Bb3 Nxb3 9. axb3 a6 10. Qe2 d6 11. h3 c5 12. 0-0 f5 13. exf5 gxf5 14. Bg5 h6 15. Bh4 Be6 16. Kh2 Qd7 17. Na4 Rae8 18. Bxe7 Rxe7 19. Nb6 Qc7 20. Nc4 d5 21. Ncxe5 Bf7 22. Rae1 Rfe8 23. d4 cxd4 24. Qd2 Bxe5+ 25. Nxe5 Rxe5 26. Rxe5 Qxe5+ 27. Kg1 f4 28. Qb4 Re7 29. Rd1 f3 0-1

[Event "GER-ch Seniors"]
[Site "Dresden"]
[Date "2012.08.10"]
[Round "2"]
[White "Haenig, Frank"]
[Black "Belenkij, Juri"]
[Result "1/2-1/2"]
[WhiteElo "1804"]
[BlackElo "1512"]
[PlyCount "69"]
[EventDate "2012.08.09"]
[EventType "swiss"]
[EventRounds "9"]
[EventCountry "GER"]
[SourceTitle "EXT 2014"]
[Source "ChessBase"]
[SourceDate "2013.11.20"]
[SourceVersion "1"]
[SourceVersionDate "2013.11.20"]
[SourceQuality "1"]

1. e4 c5 2. Nf3 Nc6 3. d4 cxd4 4. Nxd4 g6 5. Nc3 Bg7 6. Be3 Nf6 7. f3 0-0 8. Qd2 a6 9. Be2 d6 10. 0-0-0 Bd7 11. g4 Rc8 12. Kb1 Ne5 13. h4 Nc4 14. Bxc4 Rxc4 15. h5 g5 16. h6 Bh8 17. Nde2 b5 18. Bd4 Re8 19. Qxg5+ Kf8 20. e5 dxe5 21. Bxe5 Qc8 22. Rd2 Bc6 23. Rf1 Rc5 24. Qe3 Bb7 25. g5 Rc6 26. Qd4 Re6 27. Nf4 Rc6 28. gxf6 Bxf6 29. Bxf6 Rxf6 30. Qe5 Qf5 31. Qxf5 Rxf5 32. Nfe2 Rxf3 33. Rxf3 Bxf3 34. a3 e5 35. Ng3 1/2-1/2

[Event "GER-ch Seniors Gp-B 18th"]
[Site "Dresden"]
[Date "2006.07.27"]
[Round "6"]
[White "Haenig, Frank"]
[Black "Schiessl, Hanns"]
[Result "1-0"]
[WhiteElo "1546"]
[BlackElo "1373"]
[PlyCount "103"]
[EventDate "2006.07.22"]
[EventType "swiss"]
[EventRounds "9"]
[EventCountry "GER"]
[SourceTitle "EXT 2022"]
[Source "ChessBase"]
[SourceDate "2021.10.06"]
[SourceVersion "1"]
[SourceVersionDate "2021.10.06"]
[SourceQuality "1"]

1. e4 e5 2. Nf3 Nc6 3. Bb5 a6 4. Bxc6 dxc6 5. Nc3 Bg4 6. h3 Bxf3 7. Qxf3 Qd7 8. d3 0-0-0 9. Bd2 Bc5 10. 0-0-0 f6 11. Qg3 Qf7 12. Kb1 Ne7 13. f4 Qg6 14. Qf3 Rhf8 15. f5 Qf7 16. g4 Kb8 17. h4 Nc8 18. Rdf1 Nd6 19. Qe2 Qd7 20. Rd1 Nb5 21. Nxb5 cxb5 22. Qe1 b6 23. Bb4 Qc6 24. Bxc5 Qxc5 25. Rh2 Rd7 26. Qf2 Rfd8 27. Qxc5 bxc5 28. Rhd2 c4 29. Kc1 c5 30. dxc4 Rxd2 31. Rxd2 Rd4 32. Rxd4 exd4 33. cxb5 axb5 34. Kd2 c4 35. b3 Kc7 36. bxc4 bxc4 37. Ke2 Kd6 38. Kd2 Ke5 39. c3 d3 40. Ke3 Kd6 41. Kf3 Kc5 42. Ke3 Kd6 43. Kf3 Ke5 44. a4 d2 45. Ke2 Kxe4 46. Kxd2 Kd5 47. Ke3 Ke5 48. Kf3 Kd5 49. Kf4 Kc5 50. Ke4 Kb6 51. Kd4 Ka5 52. Kxc4 1-0